Mixed Word 9 Letter Words A - Z Quiz Stats

Quiz not verified by Sporcle

Challenge
Share
Tweet
Embed
Score 0/26 Timer 07:00
0 Plays Today
MIXED WORD WORD % Correct
OZEEPOKERZOOKEEPER
94.2%
NOFIERCERREINFORCE
90.4%
GOWNEDELKKNOWLEDGE
88.5%
OLDBOOTHSBLOODSHOT
88.5%
MONCURDUNCONUNDRUM
82.7%
DOGORHUNGGROUNDHOG
82.7%
RUNFLOWEDWONDERFUL
80.8%
ALARKJIBEJAILBREAK
78.8%
RIMHUNGEDHUMDINGER
75%
SNACKQUIDQUICKSAND
75%
POFOFOROLFOOLPROOF
73.1%
BREEDGUMSSUBMERGED
73.1%
BEOXPHONEXENOPHOBE
73.1%
MIXED WORD WORD % Correct
CEDETIARAERADICATE
71.2%
RUSHCAPERPURCHASER
71.2%
WANDROVEROVERDRAWN
67.3%
DIEDINFIGDIGNIFIED
65.4%
UNLITCRABLUBRICANT
65.4%
TEAMSINFOMANIFESTO
65.4%
WURSTCAKEAWESTRUCK
63.5%
BUNGLITCHNIGHTCLUB
61.5%
RUEWARDENUNDERWEAR
59.6%
DITSYRACKYARDSTICK
57.7%
VARYGUILTVULGARITY
57.7%
TICNAILEDIDENTICAL
50%
TESTSPERMTEMPTRESS
48.1%

You're not logged in!

Compare scores with friends on all Sporcle quizzes.
Sign Up with Email
OR
Log In

You Might Also Like...

Show Comments

Extras

Top Quizzes Today


Score Distribution

Your Account Isn't Verified!

In order to create a playlist on Sporcle, you need to verify the email address you used during registration. Go to your Sporcle Settings to finish the process.